Представление документа в формате RUSMARC

ПолеНазваниеЗначение
  Тип записи a
  Библиографический уровень m
001 Контрольный номер RU/УОНБ/EK/455727951
005 Дата корректировки 20251211091937.1
010 Индекс ISBN __
d Цена 1 р. 80 к.
9 Тираж 2000 экз.
b Уточнения в пер.
100 Данные общей обработки __
a Данные общей обработки 20140610d1986 u y0rusy0189||||ca
101 Язык документа 0_
a Язык текста rus
102 Страна публикации __
a Страна публикации RU
105 Кодированные данные (монография) __
a Кодированные данные (монография) y z 000yy
200 Заглавие и сведения об ответственности 1_
a Заглавие Вступительные статьи. Справочные материалы. Фонетика
210 Выходные данные __
d Дата издания 1986
215 Физическое описание __
a Объем 215 с.
461 Уровень набора _0
1 001RU/УОНБ/EK/455727546
1 2001
a Диалектологический атлас русского языка
e центр европ. части СССР
e в 3 вып.
f Акад. наук СССР, Ин-т рус. яз.
g [Ю.С. Азарх и др.]
g под ред. Р.И. Аванесова, С.В. Бромлей
v Вып. 1
1 2101
a М.
c Наука
d 1986 -
606 Тематические рубрики __
a Основная рубрика Русский язык
x Основная подрубрика Диалекты
x Основная подрубрика Фонетика
606 Тематические рубрики 0_
a Основная рубрика Русский язык
x Основная подрубрика Диалекты
606 Тематические рубрики 0_
a Основная рубрика Русский язык
x Основная подрубрика Диалекты
j Формальный подзаголовок Атласы
610 Ключевые слова __
a Ключевые слова русский язык
610 Ключевые слова 0_
a Ключевые слова диалекты русские
610 Ключевые слова 0_
a Ключевые слова фонетика русского языка
610 Ключевые слова 0_
a Ключевые слова атласы
675 Индекс УДК __
a Индекс УДК 4Р-5
801 Источник записи _0
a Страна RU
b Организация Ульяновская ОНБ
c Дата составления 20140610
g Правила каталогизации RCR
801 Источник записи _1
a Страна RU
b Организация Ульяновская ОНБ
c Дата составления 20140610
g Правила каталогизации RCR
901 Тип документа __
t Тип документа n
w Контрольный № источника RU/УОНБ/EK/455727546
909 Создатель записи __
a Создатель записи Беляева
938 Служебная информация __
a Имя БД retro
b Имя библиотеки УОНБ
c Имя АИБС МАРК-SQL
d Номер DOC_ID в БД 106487